000 00242nam a22001217a 4500
040 _cSK
082 _a305
100 _aMAL SIMMONS
245 _aWorking with the very poor
260 _aPhnom Penh
_bMAL
_c2001
300 _a114p.
942 _cEK
999 _c9661
_d9661